| 000 | 00819nmc a2200301 a 4500 | ||
|---|---|---|---|
| 003 | AR-BaBNM | ||
| 005 | 20251128205218.0 | ||
| 008 | 267019s1992 ||||||||||||||000 | spa|| | ||
| 020 | _a958-24-0116-8 | ||
| 040 | _cAR-BaBNM | ||
| 100 | 1 | _aDahl, Roald | |
| 245 | 1 | 0 | _aCharlie y la fábrica de chocolate |
| 260 |
_aBogotá _bAlfaguara _c1992 |
||
| 300 | 0 |
_a172 p. _bil. |
|
| 490 | 0 |
_aJuvenil _vv. 15 |
|
| 500 | 0 | _aContiene biografía del autor en la contratapa | |
| 650 | 4 | _aLITERATURA INFANTIL | |
| 650 | 4 | _aCUENTO INFANTIL | |
| 650 | 4 | _aCUENTOS DE AVENTURAS | |
| 650 | 4 | _aLITERATURA INGLESA | |
| 653 | 0 | _aCUENTOS DE MISTERIO | |
| 653 | 0 | _aCUENTO FANTASTICO | |
| 655 | _aLITERATURA | ||
| 700 | 1 |
_aHead, Verónica _etraductor |
|
| 700 | 1 |
_aJacques, Faith _eilustrador |
|
| 942 | _cBK | ||
| 998 | _claura | ||
| 999 |
_c10471 _d10471 |
||